00418nam a2200121 a 450000100100000000500170001000800410002704000250006808200170009324500970011026000690020730000200027600002213520200930011610.0100917s1977 dr 001 0 spa d aDO-SdBNPbspacBNPHU axxxxxbD575d10aPor la dignidad y el decoro :bcifras y argumentos de la UASD en defensa de sus atributos /. aSanto Domingo :bUniversidad Autónoma de Santo Domingo,c1977. a17 P. ;c21 cm.